000 00611nam a22001937a 4500
999 _c169318
_d169318
005 20201116145512.0
010 _aENG-126903
020 _c450.00
_a9789388322416
035 _aEN-110435
037 _bDBAD/PUB
082 _a641
100 _aSadaf Hussain
245 _aDaastan-e-dastarkhan :
_bstories and recipes from Muslim kitchens /
_cby Sadaf Hussain
260 _aGurugram
_bHachette Book Publishing
_c2019
270 _a4th / 5th Floors, Corporate Centre, Plot No.94, Sector-44, Gurugram
_e122003
300 _axv;211p.
_c19cm(pbk)
700 _a
942 _2ddc
_cEN
_h641
_mSAD